Szczegóły MARC21

Metzler Lexikon Sprache /

003 -Nazwa inst., której nr kontr. jest w polu 001 [,]
    • @
    • Nazwa instytucji, której n kontrolny jest w polu 001
    • NUKAT
005 -DATA I CZAS OSTATNIEJ MODYFIKACJI [,]
    • @
    • pole kontrolne
    • 20241231100841.0
020 -Międzynarod. znormalizowany nr książki - ISBN [ , ]
    • a
    • Numer ISBN
    • 9783476023353 Find
040 -Instytucja sporządzająca opis [ , ]
    • a
    • Instytucja, która sporządziła opis (NP)
    • GD U/ISS
    • c
    • Instytucja, która sporządziła rekord (NP)
    • GD U/ISSs
942 -Rodzaj dokumentu [ , ]
    • c
    • Rodzaj dokumentu
    • Książka
245 -Strefa tytułu i oznaczenia odpowiedzialności [0,0]
    • a
    • Tytuł
    • Metzler Lexikon Sprache / Find
    • c
    • Pozostałe elementy strefy tytułu i oznaczenia odpowiedzialności (NP)
    • hrsg. von Helmut Glück.
250 -Strefa wydania [ , ]
    • a
    • Oznaczenie wydania (NP)
    • 4. aktualisierte und überarb. Aufl.
260 -Strefa adresu wydawniczego [ , ]
    • a
    • Miejsce wydania (P)
    • Stuttgart ;
    • a
    • Miejsce wydania (P)
    • Weimar :
    • b
    • Nazwa wydawcy (P)
    • Verlag J. B. Metzler,
    • c
    • Data wydania (P)
    • 2010.
300 -Strefa opisu fizycznego [ , ]
    • a
    • Określenie formy książki i/lub objętość (NP)
    • XXXIV, 814 s. :
    • b
    • Oznaczenie ilustracji (NP)
    • il. kolor. ;
    • c
    • Format (NP)
    • 24 cm.
336 -Typ zawartości [ , ]
    • a
    • Termin opisujący typ zawartości
    • Tekst
    • b
    • Kod określający zawartość
    • txt
    • 2
    • Źródło (terminu i kodu)
    • rdacontent
337 -Typ mediów [ , ]
    • a
    • Tryb odtwarzania
    • Bez urządzenia pośredniczącego
    • b
    • Kod typu mediów
    • n
    • 2
    • Źródło (terminu i kodu)
    • rdamedia
338 -Typ/rodzaj nośnika [ , ]
    • a
    • Hasło opisujące typ nośnika
    • Wolumin
    • b
    • Kod typu nośnika
    • nc
    • 2
    • Źródło (terminu i kodu)
    • rdacarrier
500 -Uwaga ogólna [ , ]
    • a
    • Uwaga ogólna (NP)
    • Druk dwuszpaltowy.
080 -Uniwersalna Klasyfikacja Dziesiętna [ , ]
    • 2
    • Identyfikator wydania tablic
    • UDC-P058
    • 9
    • UKD
    • 6386
    • a
    • Symbol klasyfikacji
    • 81'1
    • b
    • Dopowiedzenie
    • Językoznawstwo ogólne.
    • 4
    • UKD2
    • 8297
    • x
    • Poddział wspólny
    • (03)
    • c
    • Dopowiedzenie poddz. wspólnego
    • (Encyklopedie. Słowniki encyklopedyczne. Wydawnictwa informacyjne).
    • 4
    • UKD2
    • 7631
    • x
    • Poddział wspólny
    • =112.2
    • c
    • Dopowiedzenie poddz. wspólnego
    • =Język niemiecki (wysokoniemiecki, standardowy niemiecki).
080 -Uniwersalna Klasyfikacja Dziesiętna [ , ]
    • 2
    • Identyfikator wydania tablic
    • UDC-P058
    • 9
    • UKD
    • 6441
    • a
    • Symbol klasyfikacji
    • 81'44
    • b
    • Dopowiedzenie
    • Językoznawstwo typologiczne. Typologia języków.
    • 4
    • UKD2
    • 8297
    • x
    • Poddział wspólny
    • (03)
    • c
    • Dopowiedzenie poddz. wspólnego
    • (Encyklopedie. Słowniki encyklopedyczne. Wydawnictwa informacyjne).
    • 4
    • UKD2
    • 7631
    • x
    • Poddział wspólny
    • =112.2
    • c
    • Dopowiedzenie poddz. wspólnego
    • =Język niemiecki (wysokoniemiecki, standardowy niemiecki).
650 -Hasło przedmiotowe [ ,7]
    • a
    • Hasło przedmiotowe
    • Językoznawstwo
    • v
    • Określnik formalny
    • słowniki niemieckie.
    • 2
    • Źródło terminu
    • kaba
    • 9
    • KHW
    • 626923
980 -Symbol UKD [ , ]
    • a
    • UKD
    • 81'1:81'44]=112.2(03)
700 -Hasło dodatkowe - nazwa osobowa [1, ]
    • a
    • Nazwa osobowa (NP)
    • Glück, Helmut Find
    • d
    • Daty biograficzne (NP)
    • (1949- ).
    • e
    • Określenie rodzaju współpracy
    • Red.
    • 9
    • KHW
    • 28609
920 -ISBN [ , ]
    • a
    • ISBN
    • 978-3-476-02335-3 Find
Numer inwentarzowy Lokalizacja Sygnatura Status udost. Data inwentaryzacji
G.18846BMGERM. Językoznawstwo-słowniki 0712011-11-16